New records of the mimosoide clade (Caesalpinioideae, Leguminosae) for the state of Mato Grosso, Brazil (Registro n. 339986)
[ somente texto ]
| 000 -LÍDER | |
|---|---|
| fixed length control field | 03172nab a2200277 i 4500 |
| 003 - CÓDIGO MARC DA AGÊNCIA CATALOGADORA | |
| Campo de controle | BR-BrBNA |
| 005 - DATA E HORA DA ÚLTIMA ATUALIZAÇÃO | |
| Campo de controle | 20260202132741.0 |
| 008 - CAMPO DE TAMANHO FIXO | |
| fixed length control field | 260202b2025 bl.ar|poo|||| 00| 0 eng | |
| 040 ## - FONTE DA CATALOGAÇÃO | |
| Agência catalogadora | BR-BrBNA |
| Idioma da catalogação | eng |
| 072 ## - CATEGORIA AGRIS | |
| Código AGRIS | F70 |
| 100 ## - ENTRADA PRINCIPAL - NOME PESSOAL | |
| Nome pessoal | Fernandes, José Martins |
| 100 ## - ENTRADA PRINCIPAL - NOME PESSOAL | |
| Nome pessoal | Soares, Célia Regina Araújo |
| 100 ## - ENTRADA PRINCIPAL - NOME PESSOAL | |
| Nome pessoal | Koch, Ana Kelly |
| 100 ## - ENTRADA PRINCIPAL - NOME PESSOAL | |
| Nome pessoal | Duarte, Temilze Gomes |
| 100 ## - ENTRADA PRINCIPAL - NOME PESSOAL | |
| Nome pessoal | Almeida, Anderson Alex Sandro Domingos de |
| 245 ## - TÍTULO PRINCIPAL | |
| Título principal | New records of the mimosoide clade (Caesalpinioideae, Leguminosae) for the state of Mato Grosso, Brazil |
| 500 ## - NOTA GERAL | |
| Nota geral | Publicação on-line; Bibliography p. 10-11 (55 ref.); 5 illus.; Summaries (En, Pt) |
| 942 ## - ADDED ENTRY ELEMENTS (KOHA) | |
| Koha item type | Analítica |
| 520 ## - NOTA DE RESUMO | |
| Nota de conteúdo | <br/><br/><br/>Abstract<br/>This is a taxonomic study of six species of the mimosoide clade (Caesalpinioideae,<br/>Leguminosae) that are new records for the state of Mato Grosso, Brazil. It is based<br/>on botanical collections made in the municipalities of Alta Floresta, Apiacás<br/>and Novo Mundo, on the southern border of Amazonia, as well as an analysis<br/>of specimens deposited in the Amazônia Meridional Herbarium and images of<br/>exsiccatae in biodiversity repositories. We recorded the genus Macrosamanea for<br/>the first time for the state, which is represented by Macrosamanea pubiramea var.<br/>pubiramea. The new records also include Inga bourgonii, I. cinnamomea, I. duckei,<br/>I. huberi and Piptadenia pteroclada. All the species occur in the Amazonian domain<br/>or in a transition area between Amazonia and the Cerrado, in various vegetation<br/>types. Descriptions, illustrations, maps and comments about the geographic<br/>distribution of species and their affinities are provided.<br/><br/>Key words:<br/>• Amazonia<br/>• Inga<br/>• Macrosamanea<br/>• Taxonomy<br/><br/><br/><br/><br/>Resumo<br/>Este é um estudo taxonômico de seis espécies do clado mimosoide<br/>(Caesalpinioideae, Leguminosae) que são novos registros para o estado de Mato<br/>Grosso, Brasil. Baseia-se em coletas botânicas realizadas nos municípios de Alta<br/>Floresta, Apiacás e Novo Mundo, na borda sul da Amazônia, bem como na análise<br/>de espécimes depositados na coleção do Herbário da Amazônia Meridional e<br/>imagens de exsicatas em repositórios de biodiversidade. Nós registramos o gênero<br/>Macrosamanea pela primeira vez para o estado, representado por Macrosamanea<br/>pubiramea var. pubiramea. Os novos registros também incluem Inga bourgonii,<br/>I. cinnamomea, I. duckei, I. huberi e Piptadenia pteroclada. Todas as espécies<br/>ocorrem no domínio Amazônia ou em área de transição entre Amazônia e Cerrado,<br/>em diversos tipos de vegetação. São fornecidas descrições, ilustrações, mapas e<br/>comentários sobre a distribuição geográfica das espécies e suas afinidades.<br/><br/>Palavras-chave:<br/>• Amazônia<br/>• Inga<br/>• Macrosamanea<br/>• Taxonomia<br/> |
| 650 ## - ASSUNTO - THESAGRO | |
| Cabeçalho tópico ou nome geográfico | AMAZÔNIA |
| 650 ## - ASSUNTO - THESAGRO | |
| Cabeçalho tópico ou nome geográfico | INGÁ |
| 650 ## - ASSUNTO - THESAGRO | |
| Cabeçalho tópico ou nome geográfico | TAXONOMIA |
| 773 0# - ENTRADA ANALÍTICA | |
| Host Biblionumber | 709 |
| Registro do item | 360062 |
| Imprenta | Rio de Janeiro-RJ Jardim Botanico do Rio de Janeiro 1935 |
| Outro identificador | 2026-0452 |
| Título | Rodriguésia (Brazil) |
| ISSN | 0370-6583; 2175-7860 on-line |
| Colação | v. 76 p. 1-11; (2025) |
| Número de controle de registro | BR2025007476 |
| 856 ## - ACESSO E ENDEREÇO ELETRÔNICO | |
| Identificador uniforme de recurso - URI | https://www.scielo.br/j/rod/a/QwdsDp44fgQ8gS9pPwdCXFR/?format=pdf&lang=en |
Nenhum exemplar disponível.

BINAGRI